Red Sea fisheries of Sudan. (Record no. 63848)
[ view plain ]
| 000 -LEADER | |
|---|---|
| fixed length control field | 00677cam a22002291 4500 |
| 001 - CONTROL NUMBER | |
| control field | 4550491 |
| 005 - DATE AND TIME OF LATEST TRANSACTION | |
| control field | 20170619150143.0 |
| 008 - FIXED-LENGTH DATA ELEMENTS--GENERAL INFORMATION | |
| fixed length control field | 721116s1964 sj ad 000 0 eng |
| 010 ## - LIBRARY OF CONGRESS CONTROL NUMBER | |
| LC control number | 71981172 |
| 040 ## - CATALOGING SOURCE | |
| Original cataloging agency | DLC |
| Transcribing agency | DLC |
| Modifying agency | DLC |
| -- | WaU |
| 043 ## - GEOGRAPHIC AREA CODE | |
| Geographic area code | f-sj--- |
| -- | mr----- |
| 050 00 - LIBRARY OF CONGRESS CALL NUMBER | |
| Classification number | QL622 |
| Item number | .R43 |
| 100 1# - MAIN ENTRY--PERSONAL NAME | |
| Personal name | Reed, William. |
| 245 00 - TITLE STATEMENT | |
| Title | Red Sea fisheries of Sudan. |
| 260 ## - PUBLICATION, DISTRIBUTION, ETC. (IMPRINT) | |
| Place of publication, distribution, etc | [Khartoum] |
| Name of publisher, distributor, etc | Game and Fisheries Section, Ministry of Animal Resources |
| Date of publication, distribution, etc | [1964] |
| 300 ## - PHYSICAL DESCRIPTION | |
| Extent | 116 p. |
| Other physical details | illus., chart. |
| Dimensions | 25 cm. |
| 650 #0 - SUBJECT ADDED ENTRY--TOPICAL TERM | |
| Topical term or geographic name as entry element | Fishes |
| Geographic subdivision | Red Sea. |
| 650 #0 - SUBJECT ADDED ENTRY--TOPICAL TERM | |
| Topical term or geographic name as entry element | Fisheries |
| Geographic subdivision | Sudan. |
| 650 #0 - SUBJECT ADDED ENTRY--TOPICAL TERM | |
| Topical term or geographic name as entry element | Fisheries |
| Geographic subdivision | Red Sea. |
| 906 ## - LOCAL DATA ELEMENT F, LDF (RLIN) | |
| a | 7 |
| b | cbc |
| c | orignew |
| d | 1 |
| e | ncip |
| f | 19 |
| g | y-gencatlg |
| 942 ## - ADDED ENTRY ELEMENTS (KOHA) | |
| Source of classification or shelving scheme | |
| Withdrawn status | Lost status | Source of classification or shelving scheme | Damaged status | Not for loan | Collection code | Home library | Current library | Shelving location | Date acquired | Source of acquisition | Cost, normal purchase price | Total Checkouts | Full call number | Barcode | Date last seen | Copy number | Price effective from | Koha item type |
|---|---|---|---|---|---|---|---|---|---|---|---|---|---|---|---|---|---|---|
| Library of Congress Classification | Special Collection | AIU/NEGST - Tony Wilmot Memorial Library | AIU/NEGST - Tony Wilmot Memorial Library | Special Collection | 06/21/2016 | Donation-SIL Sudan Library | 25.00 | S QL 622.R43 1964 | R35306F3232 | 09/26/2019 | 1 | 09/20/2017 | Special Collection |
